000 00369nam a2200145 i 4500
001 81894
003 ES-MaACL
005 20230906174531.0
007 t|
008 041108s1932 fr ||||1| fre d
245 0 0 _aIndex des Etablissements médicaux.
260 _aParis :
_b[s.n.],
_c1932 (
_fA. Maretheux)
300 _a50 p. ;
_c19 cm.
852 _aES-MaACL
_j1778-F-9
999 _c81894
_d81894